书目信息 |
| 题名: |
食用菌制种技术
|
|
| 作者: | 汪昭月 编著 | |
| 分册: | ||
| 出版信息: | 北京 金盾出版社 1996.02 |
|
| 页数: | 149页 | |
| 开本: | 19cm | |
| 丛书名: | ||
| 单 册: | ||
| 中图分类: | S646.03 | |
| 科图分类: | ||
| 主题词: | 园艺 | |
| 电子资源: | ||
| ISBN: | 7-5082-0133-7 | |
| 000 | 00506nam0 2200193 450 | |
| 001 | 0734697642 | |
| 005 | 20071127094527.21 | |
| 010 | @a7-5082-0133-7@dCNY6.00 | |
| 100 | @a20071127d1996 km y0chiy0120 ea | |
| 101 | 0 | @achi |
| 102 | @aCN | |
| 200 | 1 | @a食用菌制种技术@f汪昭月编著@Fwang zhao yue bian zhu |
| 210 | @a北京@c金盾出版社@d1996.02 | |
| 215 | @a149页@d19cm | |
| 606 | 0 | @a园艺 |
| 690 | @aS646.03@v4 | |
| 701 | 0 | @a汪昭月@Awang zhao yue@4编著 |
| 801 | 0 | @aCN@bPFT@c20071127 |
| 905 | @aBZT@dS646.03@e84 | |
| 食用菌制种技术/汪昭月编著.-北京:金盾出版社,1996.02 |
| 149页;19cm |
| ISBN 7-5082-0133-7:CNY6.00 |
| ● |
| 相关链接 |
|
|
|
正题名:食用菌制种技术
索取号:S646.03/84
 
预约/预借
| 序号 | 登录号 | 条形码 | 馆藏地/架位号 | 状态 | 备注 |
| 1 | 072152 | 200846460 | 中心书库中库/ 中库032架B面6列7层26/ [索取号:S646.03/84] | 在馆 | |
| 2 | 072156 | 200843873 | 中心书库中库/ 中库032架B面6列7层25/ [索取号:S646.03/84] | 在馆 | |
| 3 | 104731 | 200843864 | 中心书库中库/ 中库032架B面5列2层87/ [索取号:S646.03/84] | 在馆 | |
| 4 | 104732 | 200843891 | 中心书库中库/ 中库032架B面6列7层24/ [索取号:S646.03/84] | 在馆 | |
| 5 | 104733 | 200843882 | 中心书库中库/ 中库032架B面6列7层23/ [索取号:S646.03/84] | 在馆 | |
| 6 | 104734 | 200843917 | 中心书库中库/ 中库032架B面6列7层22/ [索取号:S646.03/84] | 在馆 | |
| 7 | 104735 | 200843908 | 中心书库中库/ 中库032架B面6列7层21/ [索取号:S646.03/84] | 在馆 | |
| 8 | 104736 | 200843935 | 中心书库中库/ 中库032架B面6列7层20/ [索取号:S646.03/84] | 在馆 | |
| 9 | 104737 | 200843926 | 中心书库中库/ 中库032架B面6列7层19/ [索取号:S646.03/84] | 在馆 | |
| 10 | 104738 | 200843953 | 中心书库中库/ 中库032架B面6列7层18/ [索取号:S646.03/84] | 在馆 | |
| 11 | 104739 | 200843944 | 中心书库中库/ 中库032架B面6列7层17/ [索取号:S646.03/84] | 在馆 | |
| 12 | 104740 | 200843971 | 中心书库中库/ 中库032架B面6列7层16/ [索取号:S646.03/84] | 在馆 | |
| 13 | 104741 | 200843962 | 中心书库中库/ 中库032架B面5列2层90/ [索取号:S646.03/84] | 在馆 | |
| 14 | 104742 | 200843999 | 中心书库中库/ 中库032架B面5列2层89/ [索取号:S646.03/84] | 在馆 | |
| 15 | 104743 | 200843980 | 中心书库中库/ 中库032架B面5列2层88/ [索取号:S646.03/84] | 在馆 | |
| 16 | 104744 | 200844015 | 中心书库中库/ 中库032架B面5列2层86/ [索取号:S646.03/84] | 在馆 | |
| 17 | 104745 | 200844006 | 中心书库中库/ 中库032架B面5列2层85/ [索取号:S646.03/84] | 在馆 | |
| 18 | 104746 | 200844033 | 中心书库中库/ 中库032架B面5列2层84/ [索取号:S646.03/84] | 在馆 | |
| 19 | 104747 | 200844024 | 中心书库中库/ 中库032架B面5列2层83/ [索取号:S646.03/84] | 在馆 | |
| 20 | 104748 | 200844051 | 中心书库中库/ 中库032架B面5列4层68/ [索取号:S646.03/84] | 在馆 |